000 00625nam a2200205 u 4500
005 20210223130322.0
008 071008s2004 mx r 000 0 spa d
020 _a9580431504
035 _aUPN01000152687
049 _aCG
050 4 _aPN149.9 M3.6
_bM3.2
100 1 _aManguel, Alberto,
_d1948-
_933464
245 1 0 _aDiario de lecturas /
_cAlberto Manguel ; tr. de José Luis López Muñoz.
260 _aBogotá :
_bNorma,
_c2004.
300 _a239 p.
440 0 _aBiografías y documentos
534 _pTítulo original:
_tA reading diary
600 1 4 _aMANGUEL, ALBERTO,
_d1948- -
_vDIARIOS
_910888
905 _aLibro
999 _c124810
_d124810